Score 0/20 Timer 03:00
0 Plays Today
Song Title Missing Word % Correct
Dancing _____Queen
85.8%
_____ DancerTiny
85.2%
Dancing in the _____Dark
82%
I Wanna Dance with _____Somebody
72.5%
You _____ Be DancingShould
58.3%
Dancing on the _____Ceiling
56.2%
Dancing in the _____Street
55.8%
Don't _____ Like DancingFeel
53.9%
The _____ DanceSafety
49.4%
_____ Jane's Last DanceMary
49.3%
Song Title Missing Word % Correct
_____ DanceJust
45.5%
Dancing with _____Myself
42%
I _____ You DanceHope
36.1%
Dance _____ DaysHall
32.6%
Dance _____ AnthemFloor
30.7%
Dancing in the _____Moonlight
28.6%
_____ Is a DancerRhythm
26.6%
The _____ DanceHumpty
18.9%
Dancing _____Machine
15%
_____ on the Dance FloorBlood
14.6%

Today's Daily Dose

Missing Word
I Hardly Know Her!

Word Ladder
Sentence Ending

Quick Pick
Female Firsts

Get the Picture
Triathlon Sports

Remove Ads.
Support Sporcle.
Get the best of Sporcle when you Go Orange. This ad-free experience offers more features, more stats, and more fun while also helping to support Sporcle. Thank you for becoming a member.

You're not logged in!

Compare scores with friends on all Sporcle quizzes.
OR
Log In

Show Comments

Extras

Top Quizzes Today


Score Distribution

Your Account Isn't Verified!

In order to create a playlist on Sporcle, you need to verify the email address you used during registration. Go to your Sporcle Settings to finish the process.

Report this User

Report this user for behavior that violates our Community Guidelines.

Details: